Smart card handbook / (Record no. 175353)
[ view plain ]
| 000 -LEADER | |
|---|---|
| fixed length control field | 01297 a2200241 4500 |
| 003 - CONTROL NUMBER IDENTIFIER | |
| control field | Nust |
| 005 - DATE AND TIME OF LATEST TRANSACTION | |
| control field | 20220727124536.0 |
| 010 ## - LIBRARY OF CONGRESS CONTROL NUMBER | |
| LC control number | 2003062750 |
| 020 ## - INTERNATIONAL STANDARD BOOK NUMBER | |
| International Standard Book Number | 0470856688 (alk. paper) |
| 040 ## - CATALOGING SOURCE | |
| Transcribing agency | Nust |
| 082 00 - DEWEY DECIMAL CLASSIFICATION NUMBER | |
| Classification number | 006,RAN |
| 100 1# - MAIN ENTRY--PERSONAL NAME | |
| Personal name | Rankl, W. |
| 9 (RLIN) | 95464 |
| 245 10 - TITLE STATEMENT | |
| Title | Smart card handbook / |
| Statement of responsibility, etc. | Wolfgang Rankl and Wolfgang Effing ; translated by Kenneth Cox. |
| 250 ## - EDITION STATEMENT | |
| Edition statement | 3rd ed. |
| 260 ## - PUBLICATION, DISTRIBUTION, ETC. | |
| Place of publication, distribution, etc. | Chichester, West Sussex, England ; |
| -- | Hoboken, NJ, USA : |
| Name of publisher, distributor, etc. | J. Wiley, |
| Date of publication, distribution, etc. | c2003. |
| 300 ## - PHYSICAL DESCRIPTION | |
| Extent | xxxii, 1088 p. : |
| Other physical details | ill. ; |
| Dimensions | 25 cm. |
| 505 ## - FORMATTED CONTENTS NOTE | |
| Formatted contents note | Introduction (Page-1), Types of Cards (Page-15), Physical and Electrical Properties (Page-27), Informatics Foundations (Page-155), Smart Card Operating Systems (Page-233), Smart Card Data Transmission (Page-371), Smart Card Commands (Page-435), Security Techniques (Page-491), Quality Assurance and Testing (Page-565), The Smart Card Life Cycle (Page-597), Smart Card Terminals (Page-655), Smart Cards in Payment Systems (Page-673), Smart Cards in Telecommunications (Page-723). |
| 650 #0 - SUBJECT ADDED ENTRY--TOPICAL TERM | |
| Topical term or geographic name entry element | Smart cards |
| 9 (RLIN) | 95465 |
| 700 1# - ADDED ENTRY--PERSONAL NAME | |
| Personal name | Effing, W. |
| 9 (RLIN) | 95466 |
| 856 42 - ELECTRONIC LOCATION AND ACCESS | |
| Materials specified | Publisher description |
| Uniform Resource Identifier | <a href="http://www.loc.gov/catdir/description/wiley039/2003062750.html">http://www.loc.gov/catdir/description/wiley039/2003062750.html</a> |
| 856 42 - ELECTRONIC LOCATION AND ACCESS | |
| Materials specified | Table of contents |
| Uniform Resource Identifier | <a href="http://www.loc.gov/catdir/toc/wiley032/2003062750.html">http://www.loc.gov/catdir/toc/wiley032/2003062750.html</a> |
| 942 ## - ADDED ENTRY ELEMENTS (KOHA) | |
| Koha item type | Reference |
| Source of classification or shelving scheme | |
| Withdrawn status | Lost status | Source of classification or shelving scheme | Damaged status | Not for loan | Permanent Location | Current Location | Shelving location | Date acquired | Full call number | Barcode | Date last seen | Price effective from | Koha item type | Public note |
|---|---|---|---|---|---|---|---|---|---|---|---|---|---|---|
| Military College of Signals (MCS) | Military College of Signals (MCS) | General Stacks | 12/12/2016 | 006,RAN | MCS30800 | 12/08/2016 | 12/12/2016 | Book | Almirah No.18, Shelf No.4 |
